Recent Former Capitals - Statistics

General Stats
  • This quiz has been taken 25 times
  • The average score is 4 of 8
Answer Stats
Country Years Former Capital % Correct
Kazakhstan (Renamed) 2019 - 2022 Nur-Sultan
87%
Myanmar Until 2005 Yangon
87%
Yemen (Disputed) 2015 Aden
61%
Burundi Until 2019 Bujumbura
52%
Equatorial Guinea Until 2026 Malabo
48%
Palau Until 2006 Koror
22%
Libya (Disputed) 2011 Sirte
13%
Georgia (Legislative) 2012 - 2018 Kutaisi
9%
No matching quizzes found
Score Distribution
Percent of People with Each Score
Percentile by Number Answered
Your Score History
You have not taken this quiz